000 00531nam a2200169 i 4500
001 64189
003 ES-MaACL
005 20250920063043.0
007 t|
008 031222s1925 fr ||||1| fre d
100 1 _aFleury, Maurice de,
_d1860-1931
_9154054
245 1 2 _aL'angoisse humaine /
_cMaurice Fleury ; avec une introduction touchant le renouveau de la pychologie.
260 _aParis :
_bEditions de France,
_c1925.
300 _aXXII, 288 p. ;
_c19 cm.
852 _aES-MaACL
_jA-3021
999 _c64189
_d64189